Rappeurs Français #6 - Statistiques

Statistiques générales
  • Ce quiz a été pris 229 fois
  • Le résultat moyen est 6 sur 16
Statistiques - réponses
Par images Réponse % Correct
Soprano
99%
Bigflo
98%
Oli
97%
Sexion d'Assaut
78%
Doc Gynéco
53%
Josman
43%
Colonel Reyel
31%
Maska
28%
Le Rat Luciano
21%
Genezio
18%
Tragédie
12%
So La Zone
11%
Saf
6%
Sat l'Artificier
3%
IVANN
1%
Kalash l'Afro
1%
Aucun quiz correspondant
Distribution des résultats
% des personnes avec chaque résultat
Percentile par nombre de réponses
Votre historique - résultats
Vous n’avez pas pris ce quiz